00332nam a2200109Ia 4500008004100000041000800041082001600049100001900065245008300084260003700167300001800204241028s9999 xx 000 0 und d aeng a303.482 DAM aDamluji Hassan aTheresponsibleglobalist: what citizens of the world can learn from nationalism bAllen LaneaUnited Kingdomc2019 a208;.P. 22 cm